000 00708nam a2200241 4500
003 OSt
005 20240724080732.0
006 a
008 240724b |||||||| |||| 00| 0 eng d
020 _a9780452295827
040 _aDWCL-Main lib.
_cOC
082 _2Revised edition
_aCirc. 332.6322 K29n 2010
100 _aKelly, Jason
245 _aThe neatest little guide to stock market investing /
250 _aRevised edition
260 _aN.Y. :
_bPlume,
_cc2010.
300 _axx,
_b296 p. : ill. ;
_c21 cm.
504 _aIncludes index.
650 _a1. Stocks.
650 _a2. Investment analysis.
650 _a3. Portfolio management.
942 _2ddc
_n0
_cBK-CIRC
_eRevised edition
_kCirc.
999 _c2682
_d2682